Animación: la magia en movimiento

Uloženo v:
Podrobná bibliografie
Hlavní autor: Barry, Vivienne (Autor)
Médium: Kniha
Jazyk:španělština
Vydáno: Santiago Pehuén 2010
Vydání:1a. ed
Témata:
Tagy: Přidat tag
Žádné tagy, Buďte první, kdo vytvoří štítek k tomuto záznamu!

MARC

LEADER 00000nam a2200000 a 4500
001 UCG4595
003 CL-VaPUC
008 101111e20100300CL |||||||||||||||||spa|d
020 |a 9789561605022 
082 0 4 |a 740  |b BAR  |2 21 
100 0 |a Barry, Vivienne  |e author  |9 553984 
245 1 0 |a Animación: la magia en movimiento 
250 |a 1a. ed 
300 |a 201 p 
942 |c BK 
945 |d 20101111 00:00:00  |a mfarfan 
260 |a Santiago  |b Pehuén  |c 2010 
650 7 |a PELICULAS DE ANIMACION  |2 CL-VaPUC  |9 553985 
650 0 |a Animación  |9 399363 
650 0 |a Dibujos animados  |9 341013 
583 |a last modification  |c 20101111 00:00:00  |k Rodrigo Vera 
999 |c 343287  |d 343285 
952 |0 0  |1 0  |4 0  |6 740_000000000000000_BAR_2010  |7 0  |8 C  |9 440508  |a BIBCUR  |b BIBCUR  |d 2019-11-22  |i 4735218  |o 740 BAR 2010  |p 4735218  |r 2025-04-22  |w 2019-11-22  |y BK  |k CAC